01353nam a2200325Ia 4500001000700000008004100007035001600048041000800064110008100072245025000153260005400403300002000457500007900477650001700556650003000573650006300603650002300666650002200689650002500711650002300736650003100759856007000790901000600860903000700866904000800873910000900881942001900890999001700909952010100926053060221003m2018 xx 000 0 spa d aCENDO_42760 aspa aCCOO.bConfederación Sindical.bSecretaría de Mujeres e Igualdad.929615 0aEducación sexual para decidir, anticonceptivos para no abortar, aborto legal para no morir :bDía Mundial por el Acceso al Aborto Legal y Seguro por los Derechos Sexuales y Reproductivos /cCCOO, Secretaría Confederal de Mujeres e Igualdad a[Madrid :bCCOO, Confederación Sindical,c2018] a2 p. ;c 29 cm a28 de septiembre, Día de la Acción Global por un Aborto Legal y Seguro 0aABORTO94300 aDERECHOS DE LA MUJER9392 0aDIA MUNDIAL POR EL ACCESO AL ABORTO LEGAL Y SEGURO 939824 aREPRODUCCION92949 aSEXUALIDAD910298 aAMERICA LATINA91230 aDERECHO PENAL9176 0aMOVIMIENTO FEMINISTA94309 zPDFuhttp://docpublicos.ccoo.es/cendoc/053060DiaMundialAborto.pdf a2 aNO a000 a2018 cDOCU_ELEC2ddc c42759d42759 00104070aCENDObCENDOd2018-02-03l0pCENDO_42760r2022-10-05 00:00:00w2022-10-05yDOCU_ELEC